000 00630nam a2200217Ii 4500
001 12114
003 CO-ViMGA
008 241108s9999||||xx |||||||||||||| ||und||
020 _a8428317097
040 _aCO-ViMGA
_bspa
_erda
_cCO-ViMGA
041 0 _aunk
082 0 4 _a739.274 Ll792
100 1 _aJ. L. Llorente
_955161
245 1 0 _aLa Joyería y sus técnicas
264 1 _a[Lugar de publicación no identificado] : Paraninfo, 1995
300 _avolumen
336 _atext
_btxt
_2rdacontent
337 _aunmediated
_bn
_2rdamedia
338 _avolume
_bnc
_2rdacarrier
940 _aidficha_siabuc: 11824. -- ficha_no_siabuc:12114
999 _c52588
_d52588